| 000 | 00956nam a2200205 a 4500 | ||
|---|---|---|---|
| 008 | 120416s1981 ||||||||||||||||| || u | ||
| 020 | _a0434923001 | ||
| 050 | _aHF 5415.3 Wil | ||
| 100 | _aWilliams, Keith C | ||
| 245 | 1 | 0 | _aBehavioural aspects of marketing |
| 260 |
_aLondon _bHeinemann _c1981 |
||
| 300 | _aix, 235p. : ill. | ||
| 350 | _a0.00 | ||
| 650 | _aCONSUMERS | ||
| 650 | _aMOTIVATION RESEARCH (MARKETING) | ||
| 650 | 0 | _aMARKETING--MANAGEMENT--CASE STUDIES | |
| 995 |
_aMAIN LIBRARY OPEN ACCESS _D0.00 _e724953 _FCBU-MAIN LIBRARY (Kitwe) _H2 _I12.00 _jHF 5415.3 Wil _M2 _UAVAILABLE _y005637 _ZMain Library Open Access Collection |
||
| 995 |
_aMAIN LIBRARY OPEN ACCESS _D0.00 _e720221 _FCBU-MAIN LIBRARY (Kitwe) _H1 _I12.00 _jHF 5415.3 Wil _M1 _UAVAILABLE _y008140 _ZMain Library Open Access Collection |
||
| 995 |
_aTEXTBOOKS (SB) _D0.00 _e01338 _FCBU-SCHOOL TEXTBOOK COLLECTIONS _H1 _I0.00 _jSCHOOL TEXTBOOK _M2 _UAVAILABLE _WSep 23, 2009 _y01338 _ZSchool Collections |
||
| 999 |
_c84609 _d84609 |
||